Deutsche Landeshauptstädte - Statistiken

Allgemein
  • Dieses Quiz wurde 2.288 mal gespielt
  • Das Durchschnittsergebnis liegt bei 11 aus 14
Antwortstatistiken
Bundesland Landeshauptstadt % Korrekt
Bayern München
100%
Bremen Bremen
96%
Baden-Württemberg Stuttgart
93%
Brandenburg Potsdam
87%
Saarland Saarbrücken
85%
Niedersachsen Hannover
83%
Nordrhein-Westfalen Düsseldorf
82%
Sachsen Dresden
81%
Hessen Wiesbaden
80%
Schleswig-Holstein Kiel
78%
Rheinland-Pfalz Mainz
75%
Mecklenburg-Vorpommern Schwerin
73%
Thüringen Erfurt
71%
Sachsen-Anhalt Magdeburg
64%
Keine übereinstimmenden Quizze gefunden
Verteilung der Resultate
Anzahl Personen mit jedem Resultat
Perzentil nach korrekt beantworteten Fragen
Ihre Resultats-Entwicklung
Sie haben dieses Quiz noch nicht gespielt